[Event "FRA-chT3 Gr12 0304"]
[Site "Loire"]
[Date "2003.11.16"]
[Round "3.5"]
[White "Zilliox, Claude"]
[Black "Flouzat, Jean Marc"]
[Result "0-1"]
[WhiteElo "1970"]
[BlackElo "2189"]
[PlyCount "56"]
[EventDate "2003.10.12"]
[EventType "team"]
[EventRounds "9"]
[EventCountry "FRA"]
[SourceTitle "EXT 2008"]
[Source "ChessBase"]
[SourceDate "2007.11.25"]
[SourceVersion "1"]
[SourceVersionDate "2007.11.25"]
[SourceQuality "1"]

1. d4 d5 2. c4 c6 3. Nf3 Nf6 4. Nc3 e6 5. Bg5 h6 6. Bh4 dxc4 7. e3 b5 8. Be2 Nbd7 9. 0-0 Bb7 10. a4 a6 11. e4 g5 12. Bg3 b4 13. e5 bxc3 14. exf6 cxb2 15. Ra2 c5 16. Rxb2 Bd5 17. Ne5 c3 18. Rb1 Nxf6 19. Re1 cxd4 20. Qxd4 Bg7 21. Qxc3 0-0 22. Qa3 Ne4 23. Nc4 Nc3 24. Rbc1 Nxe2+ 25. Rxe2 Bxc4 26. Rec2 Qd3 27. Qb4 Bd5 28. f3 Qd4+ 0-1

[Event "FRA-chT3 Gr12 0304"]
[Site "Loire"]
[Date "2003.11.15"]
[Round "2.7"]
[White "Darbon, Pierre Yves"]
[Black "Zilliox, Claude"]
[Result "0-1"]
[WhiteElo "1770"]
[BlackElo "1970"]
[PlyCount "102"]
[EventDate "2003.10.12"]
[EventType "team"]
[EventRounds "9"]
[EventCountry "FRA"]
[SourceTitle "EXT 2008"]
[Source "ChessBase"]
[SourceDate "2007.11.25"]
[SourceVersion "1"]
[SourceVersionDate "2007.11.25"]
[SourceQuality "1"]

1. d4 d5 2. Nf3 Nf6 3. e3 e6 4. Bd3 c5 5. c3 Be7 6. 0-0 0-0 7. Nbd2 Nbd7 8. Ne5 Qc7 9. f4 a6 10. Qf3 b5 11. Qh3 Bb7 12. Ndf3 Ne4 13. Nxd7 Qxd7 14. Ne5 Qc7 15. Bd2 f5 16. Rad1 Rad8 17. Be1 Bf6 18. Nf3 Bc8 19. Bh4 c4 20. Bb1 Rde8 21. Kh1 Kh8 22. Ng5 g6 23. Nf3 Kg7 24. Bxf6+ Nxf6 25. Ne5 Nd7 26. Qh4 Nxe5 27. fxe5 Qe7 28. Qe1 Bd7 29. Rf3 Rb8 30. a3 a5 31. Rh3 b4 32. axb4 axb4 33. Bc2 bxc3 34. bxc3 Rb2 35. Rc1 Ra8 36. Bd1 Raa2 37. g4 Qg5 38. Qh4 Qxh4 39. Rxh4 g5 40. Rh3 h6 41. Bf3 Bc6 42. Rh5 Kg6 43. Rh3 Rc2 44. gxf5+ exf5 45. Bh5+ Kg7 46. Rxc2 Rxc2 47. e4 dxe4 48. Kg1 Bd5 49. Be8 f4 50. Ba4 Ra2 51. Bd7 e3 0-1

[Event "FRA-chT3 Gr12 0304"]
[Site "Loire"]
[Date "2003.10.12"]
[Round "1.7"]
[White "Zilliox, Claude"]
[Black "Moreira, Philippe"]
[Result "1-0"]
[WhiteElo "1970"]
[BlackElo "2032"]
[PlyCount "69"]
[EventDate "2003.10.12"]
[EventType "team"]
[EventRounds "9"]
[EventCountry "FRA"]
[SourceTitle "EXT 2008"]
[Source "ChessBase"]
[SourceDate "2007.11.25"]
[SourceVersion "1"]
[SourceVersionDate "2007.11.25"]
[SourceQuality "1"]

1. d4 Nf6 2. c4 e6 3. Nf3 c5 4. e3 a6 5. Nc3 d5 6. Bd3 dxc4 7. Bxc4 b5 8. Bd3 Bb7 9. 0-0 Nbd7 10. b3 Bd6 11. Bb2 0-0 12. Rc1 Qb6 13. Ne2 Rac8 14. Ng3 Qa5 15. Bb1 Rfd8 16. Qe2 cxd4 17. Nxd4 Nc5 18. Nh5 Nce4 19. Nxf6+ Nxf6 20. e4 Rxc1 21. Rxc1 Ba3 22. e5 Bxb2 23. Qxb2 Ng4 24. b4 Qb6 25. Nf3 g6 26. h3 Bxf3 27. gxf3 Nh6 28. Be4 Rd4 29. Rc6 Rd1+ 30. Kg2 Qd8 31. f4 Qh4 32. Qe2 Rd4 33. Qe3 Rxb4 34. Rc8+ Kg7 35. Qc5 1-0